| 000 | 00853nam a2200241 a 4500 | ||
|---|---|---|---|
| 001 | 000006734 | ||
| 003 | DO-SdBNP | ||
| 005 | 20220613120253.0 | ||
| 008 | 090902s2006 dr a 001 0 spa d | ||
| 020 | _a9945160583 | ||
| 040 |
_aDO-SdBNP _bspa _cBNPHU |
||
| 082 |
_a796.357 _bL194l |
||
| 100 | 1 |
_aAlba, Orlando _916502 |
|
| 245 | 1 | 0 |
_aLengua y béisbol en la República Dominicana / _cOrlando Alba. |
| 260 |
_aSanto Domingo : _bSecretaría de Estado de Cultura, _c2006. |
||
| 300 |
_a295 p. : _bil. ; _c26 cm. |
||
| 500 | _aIncluye referencias bibliográficas [p. 291-295] | ||
| 500 | _aIncluye datos biográficos del autor en la solapa de la cubierta. | ||
| 650 | 4 |
_aBéisbol _zRepública Dominicana _xTerminología _918748 |
|
| 650 | 4 |
_aDominicanismos _913083 |
|
| 651 | 4 |
_aRepública Dominicana _xVida Social Y Costumbres _9405 |
|
| 942 |
_2ddc _cLBS1 |
||
| 999 |
_c6523 _d6523 |
||